000
00258 a2200121 4500
001
64427
082
_a
005.432 LEV
090
_c
38056
_d
38056
100
_a
Levine, J R
245
_a
Unix For Dummies
260
_a
California
_b
IDG Book
300
_a
369p
942
_a
NUST-CAE
_k
005.432 LEV
999
_c
299500
_d
299500